Top 25 clothing Brands for men - Statistics

General Stats
  • This quiz has been taken 758 times
  • The average score is 7 of 25
Answer Stats
No. Answer % Correct
2 Nike
83%
9 Adidas
77%
5 Gucci
58%
15 Puma
54%
12 Tommy Hilfiger
44%
1 Ralph lauren
42%
11 Levis
39%
4 Lacoste
36%
8 Hugo Boss
35%
7 Louis Vuitton
31%
17 Gap
28%
23 H & M
27%
6 Abercrombie & Fitch
25%
19 Zara
23%
3 Armani
20%
20 American Eagle
18%
21 Converse
18%
24 Guess
18%
13 Burberry
17%
22 Banana Republic
12%
14 Diesel
11%
18 Dolce & Gabanna
11%
10 Calvin Klein
7%
25 Jack & Jones
5%
16 Holister
4%
No matching quizzes found
Score Distribution
Percent of People with Each Score
Percentile by Number Answered
Your Score History
You have not taken this quiz